Normal view MARC view
  • Great Britain

Entry Corporate Name

Number of records used in: 4

001 - CONTROL NUMBER

  • control field: 6039

003 - CONTROL NUMBER IDENTIFIER

  • control field: OSt

005 - DATE AND TIME OF LATEST TRANSACTION

  • control field: 20190806150249.0

008 - FIXED-LENGTH DATA ELEMENTS

  • fixed length control field: 120416n| acannaabn |n ana d

040 ## - CATALOGING SOURCE

  • Original cataloging agency: OSt
  • Transcribing agency: OSt

110 2# - HEADING--CORPORATE NAME

  • Corporate name or jurisdiction name as entry element: Great Britain
  • Subordinate unit: Parliament
  • Subordinate unit: House of Commons

670 ## - SOURCE DATA FOUND

  • Source citation: The several plans and drawings referred to in the third report from the select committee upon the improvement of the Port of London. Ordered to be printed 28th July 1800, 1800]